Dreams / Ezra Jack Keats.
Available copies
- 2 of 2 copies available at LARL/NWRL Consortium. (Show)
- 2 of 2 copies available at Northwest Regional Library.
Current holds
0 current holds with 2 total copies.
Show Only Available Copies
| Location | Call Number / Copy Notes | Barcode | Shelving Location | Status | Due Date |
|---|---|---|---|---|---|
| Greenbush Public Library | e KEA (Text) | 35500003375571 | Main | Available | - |
| Karlstad LINK Site | e KEA (Text) | 35500003375589 | Main | Available | - |
Record details
- ISBN: 0670892254 (hardcover)
- ISBN: 0140567445 (pbk.)
- Physical Description: 1 v. (unpaged) : col. ill. ; 26 cm.
- Publisher: New York : Viking, 2000.
Content descriptions
| Summary, etc.: | One night while everyone is sleeping, a little boy ... Read More |
Search for related items by subject
| Subject: | Night > Juvenile fiction. Paper work > Juvenile fiction. Hispanic Americans > Juvenile fiction. |
| LDR | 01450cam a2200337Ia 4500 | ||
|---|---|---|---|
| 001 | 36344 | ||
| 003 | LARL_NWRL_CONSORTIUM | ||
| 005 | 20010928111222.0 | ||
| 008 | 000307r20001974nyua b 000 1 eng | ||
| 010 | . | ‡a00008643 | |
| 020 | . | ‡a0670892254 (hardcover) | |
| 020 | . | ‡a0140567445 (pbk.) | |
| 035 | . | ‡a(OCoLC)43641073 | |
| 040 | . | ‡aDLC ‡cDLC | |
| 082 | 0 | 0. | ‡a[E] ‡221 |
| 099 | . | ‡aK | |
| 100 | 1 | . | ‡aKeats, Ezra Jack. ‡0(LARL_NWRL_CONSORTIUM)62398 |
| 245 | 1 | 0. | ‡aDreams / ‡cEzra Jack Keats. |
| 260 | . | ‡aNew York : ‡bViking, ‡c2000. | |
| 300 | . | ‡a1 v. (unpaged) : ‡bcol. ill. ; ‡c26 cm. | |
| 520 | . | ‡aOne night while everyone is sleeping, a little boy watches his paper mouse save a cat from an angry dog. | |
| 650 | 0. | ‡aNight ‡vJuvenile fiction. ‡0(LARL_NWRL_CONSORTIUM)173710 | |
| 650 | 0. | ‡aPaper work ‡vJuvenile fiction. | |
| 650 | 0. | ‡aHispanic Americans ‡vJuvenile fiction. ‡0(LARL_NWRL_CONSORTIUM)169604 | |
| 901 | . | ‡a36344 ‡bOCLC ‡c36344 ‡tbiblio | |

Add to basket
Permalink
Disable Highlighting